Elementary mathematical and computational tools for electrical and computer engineers using MATLAB / (Record no. 175296)
[ view plain ]
| 000 -LEADER | |
|---|---|
| fixed length control field | 01497 a2200289 4500 |
| 003 - CONTROL NUMBER IDENTIFIER | |
| control field | Nust |
| 005 - DATE AND TIME OF LATEST TRANSACTION | |
| control field | 20220728150919.0 |
| 010 ## - LIBRARY OF CONGRESS CONTROL NUMBER | |
| LC control number | 2006018608 |
| 020 ## - INTERNATIONAL STANDARD BOOK NUMBER | |
| International Standard Book Number | 0849374251 (alk. paper) |
| 020 ## - INTERNATIONAL STANDARD BOOK NUMBER | |
| International Standard Book Number | 9780849374258 |
| 020 ## - INTERNATIONAL STANDARD BOOK NUMBER | |
| International Standard Book Number | 9780849374258 (alk. paper) |
| 035 ## - SYSTEM CONTROL NUMBER | |
| System control number | (OCoLC)70054280 |
| 035 ## - SYSTEM CONTROL NUMBER | |
| System control number | (OCoLC)ocm70054280 |
| 040 ## - CATALOGING SOURCE | |
| Transcribing agency | Nust |
| 082 00 - DEWEY DECIMAL CLASSIFICATION NUMBER | |
| Classification number | 510.2462,MAN |
| 100 1# - MAIN ENTRY--PERSONAL NAME | |
| Personal name | Manassah, Jamal T. |
| 9 (RLIN) | 95662 |
| 245 10 - TITLE STATEMENT | |
| Title | Elementary mathematical and computational tools for electrical and computer engineers using MATLAB / |
| Statement of responsibility, etc. | Jamal T. Manassah. |
| 250 ## - EDITION STATEMENT | |
| Edition statement | 2nd ed. |
| 260 ## - PUBLICATION, DISTRIBUTION, ETC. | |
| Place of publication, distribution, etc. | Boca Raton, FL : |
| Name of publisher, distributor, etc. | CRC/Taylor & Francis, |
| Date of publication, distribution, etc. | c2007. |
| 300 ## - PHYSICAL DESCRIPTION | |
| Extent | 457 p. : |
| Other physical details | ill. ; |
| Dimensions | 25 cm. |
| 505 ## - FORMATTED CONTENTS NOTE | |
| Formatted contents note | .Introduction to MATLAB® and Its Graphics Capabilities (Page-1), Difference Equations (Page-59), Elementary Functions and Some of Their Uses (Page-89), Numerical Differentiation, Integration, and Solutions of Ordinary Differential (Page-115), Numerical Differentiation, Integration, and Solutions of Ordinary Differential (Page-159), Complex Numbers (Page-191), Vector (Page-235), Matrices (Page-273), Transformations (Page-343),The taste of probability theory (Page-365). |
| 650 #0 - SUBJECT ADDED ENTRY--TOPICAL TERM | |
| Topical term or geographic name entry element | Computer science |
| General subdivision | Mathematics. |
| 9 (RLIN) | 17957 |
| 650 #0 - SUBJECT ADDED ENTRY--TOPICAL TERM | |
| Topical term or geographic name entry element | Electrical engineering |
| General subdivision | Mathematics. |
| 9 (RLIN) | 55701 |
| 856 41 - ELECTRONIC LOCATION AND ACCESS | |
| Materials specified | Publisher description |
| Uniform Resource Identifier | <a href="http://www.loc.gov/catdir/enhancements/fy0661/2006018608-d.html">http://www.loc.gov/catdir/enhancements/fy0661/2006018608-d.html</a> |
| 856 41 - ELECTRONIC LOCATION AND ACCESS | |
| Materials specified | Table of contents only |
| Uniform Resource Identifier | <a href="http://www.loc.gov/catdir/toc/ecip0615/2006018608.html">http://www.loc.gov/catdir/toc/ecip0615/2006018608.html</a> |
| 942 ## - ADDED ENTRY ELEMENTS (KOHA) | |
| Koha item type | Reference |
| Source of classification or shelving scheme | |
| Withdrawn status | Lost status | Source of classification or shelving scheme | Damaged status | Not for loan | Permanent Location | Current Location | Shelving location | Date acquired | Full call number | Barcode | Date last seen | Price effective from | Koha item type | Public note |
|---|---|---|---|---|---|---|---|---|---|---|---|---|---|---|
| Military College of Signals (MCS) | Military College of Signals (MCS) | Reference | 12/12/2016 | 510.2462,MAN | MCS33497 | 12/08/2016 | 12/12/2016 | Reference | Almirah No.19, Shelf No.2 |
